000 00539nam a22001817a 4500
999 _c8407
_d8407
008 201118b ||||| |||| 00| 0 eng d
040 _aBMS College of Architecture
100 _aAnwekar,Yash Ravi
245 _aNamma track
300 _aNA
500 _a1BM15AT117
502 _8B,Arch
_NBMS College of Architecture, Visvesvaraya Technological University (VTU)
_aProject report
_d2019
650 _aEnvironment
650 _aHospitality
700 _aRema Vaidyanathan
_eGuide
700 _aJeeno Soa George
_eGuide
942 _2ddc
_cTHE